000 00338nam a2200145 a 4500
008 150514s1991|||| d
245 1 0 _aCesta k pravému šťastiu
250 _a1. vydanie
260 _bWatch Tower Bible ...
_aNew York
_c1991
300 _a192 s.
020 _c0
041 _aslo
044 _axo
_cSK
958 _aAPR
999 _c20847
_d20847